header

School money trials (Record no. 243321)

MARC details
000 -LEADER
fixed length control field 02903nam a2200421 a 4500
082 04 - DEWEY DECIMAL CLASSIFICATION NUMBER
Classification number 344.73/076
245 00 - TITLE STATEMENT
Title School money trials
260 ## - PUBLICATION, DISTRIBUTION, ETC. (IMPRINT)
Place of publication Washington, D.C. :
Name of publisher Brookings Institution Press,
Year of publication c2007.
300 ## - PHYSICAL DESCRIPTION
Number of Pages x, 373 p.
505 0# - FORMATTED CONTENTS NOTE
Formatted contents note The adequacy lawsuit : a critical appraisal / Martin R. West and Paul E. Peterson -- Adding adequacy to equity : the evolving legal theory of school finance reform / Richard Briffault -- Adequacy and the rights revolution : reinterpreting the education clauses in state constitutions / John C. Eastman -- The alchemy of "costing-out" an adequate education / Eric A. Hanushek -- Adequacy's politicization of the school finance legal process / Matthew G. Sringer and James W. Guthrie -- Is teacher pay "adequate"? / Michael Podgursky -- Adequacy judgments and school reform / Frederick M. Hess -- The non-implementation of New York's adequacy judgment / Joe williams -- The impact of school finance judgments on state fiscal policy / Christopher Berry -- Adequacy, accountability, and no child left behind / Andrew Rudalevige -- Adequacy litigation in an era of accountability / Michael Heise -- The winning defense in Massachusetts / Robert M. Costrell -- The uncertain future of adequacy remedies: a look to the past / Kenneth W. Starr -- Who should govern? adequacy litigation and the separation of powers / Joshua Dunn and Martha Derthick.
650 #0 - SUBJECT ADDED ENTRY--TOPICAL TERM
Topical Term Educational equalization
Topical Term Educational accountability
Topical Term Discrimination in education
Topical Term Education
Topical Term Education
700 1# - ADDED ENTRY--PERSONAL NAME
Personal name West, Martin R.
Personal name Peterson, Paul E.
856 40 - ELECTRONIC LOCATION AND ACCESS
Uniform Resource Identifier http://site.ebrary.com/lib/rucke/Doc?id=10160979

No items available.

© 2026 Rongo University
Contact us: librarian | system librarian | Rongo university